NFL Draft Second Round from Past Five Years - Statistics

General Stats
  • This quiz has been taken 35 times
  • The average score is 71 of 160
Answer Stats
Year Pick Team College Answer % Correct
2023 32 Pittsburgh Steelers Penn State Joey Porter Jr.
92%
2023 33 Tennessee Titans Kentucky Will Levis
85%
2023 34 Detroit Lions Iowa Sam LaPorta
77%
2019 46 Cleveland Browns LSU Greedy Williams
73%
2021 35 Denver Broncos North Carolina Javonte Williams
73%
2019 45 New England Patriots Vanderbilt Joejuan Williams
73%
2023 35 Las Vegas Raiders Notre Dame Michael Mayer
73%
2019 59 Indianapolis Colts Ohio State Parris Campbell
73%
2022 56 Dallas Cowboys Ole Miss Sam Williams
73%
2021 33 Jacksonville Jaguars Georgia Tyson Campbell
73%
2023 45 Detroit Lions Alabama Brian Branch
65%
2023 51 Miami Dolphins South Carolina Cam Smith
65%
2021 34 New York Jets Ole Miss Elijah Moore
65%
2019 50 Minnesota Vikings Alabama Irv Smith Jr.
65%
2023 50 Green Bay Packers Michigan State Jayden Reed
65%
2020 50 Chicago Bears Utah Jaylon Johnson
65%
2023 46 New England Patriots Georgia Tech Keion White
65%
2019 54 Houston Texans Kentucky Lonnie Johnson Jr.
65%
2019 34 Indianapolis Colts Temple Rock Ya-Sin
65%
2021 49 Arizona Cardinals Purdue Rondale Moore
65%
2022 54 Kansas City Chiefs Western Michigan Skyy Moore
65%
2019 51 Tennessee Titans Ole Miss A.J. Brown
62%
2022 36 New York Jets Iowa State Breece Hall
62%
2022 34 Green Bay Packers North Dakota State Christian Watson
62%
2023 37 Seattle Seahawks Auburn Derek Hall
62%
2023 39 Carolina Panthers Ole Miss Jonathan Mingo
62%
2022 33 Tampa Bay Buccaneers Houston Logan Hall
62%
2023 42 Green Bay Packers Oregon State Luke Musgrave
62%
2022 49 New Orleans Saints Tennessee Alontae Taylor
58%
2021 47 Los Angeles Chargers Florida State Asante Samuel Jr.
58%
2020 48 Seattle Seahawks Tennessee Darrell Taylor
58%
2019 36 San Francisco 49ers South Carolina Deebo Samuel
58%
2020 59 New York Jets Baylor Denzel Mims
58%
2019 64 Seattle Seahawks Ole Miss DK Metcalf
58%
2019 35 Jacksonville Jaguars Florida Jawaan Taylor
58%
2020 41 Indianapolis Colts Wisconsin Jonathan Taylor
58%
2022 41 Seattle Seahawks Michigan State Kenneth Walker III
58%
2023 63 Denver Broncos Oklahoma Marvin Mims
58%
2023 55 Kansas City Chiefs SMU Rashee Rice
58%
2020 33 Cincinnati Bengals Clemson Tee Higgins
58%
2022 43 New York Giants Kentucky Wan'Dale Robinson
58%
2022 53 Indianapolis Colts Cincinnati Alec Pierce
54%
2023 48 Tampa Bay Buccaneers North Dakota State Cody Mauch
54%
2022 61 San Francisco 49ers USC Drake Jackson
54%
2022 52 Pittsburgh Steelers Georgia George Pickens
54%
2023 40 New Orleans Saints Notre Dame Isaiah Foskey
54%
2022 44 Houston Texans Alabama John Metchie III
54%
2020 34 Indianapolis Colts USC Michael Pittman Jr.
54%
2023 59 Buffalo Bills Florida O'Cyrus Torrence
54%
2021 50 New York Giants Georgia Azeez Ojulari
50%
2023 41 Arizona Cardinals LSU BJ Ojulari
50%
2022 62 Kansas City Chiefs Cincinnati Bryan Cook
50%
2022 51 Philadelphia Eagles Nebraska Cam Jurgens
50%
2020 52 Los Angeles Rams Florida State Can Akers
50%
2021 63 Kansas City Chiefs Oklahoma Creed Humphrey
50%
2019 44 Green Bay Packers Mississippi State Elgton Jenkins
50%
2022 63 Buffalo Bills Georgia James Cook
50%
2020 55 Baltimore Ravens Ohio State J. K. Dobbins
50%
2023 36 Los Angeles Rams TCU Steve Avila
50%
2021 39 Chicago Bears Oregon State Teven Jenkins
50%
2022 55 Arizona Cardinals Colorado State Trey McBride
50%
2023 52 Seattle Seahawks UCLA Zach Charbonnet
50%
2020 62 Green Bay Packers Boston College A. J. Dillon
46%
2022 42 Minnesota Vikings Clemson Andrew Booth Jr.
46%
2019 33 Arizona Cardinals Washington Byron Murphy
46%
2021 38 New England Patriots Alabama Christian Barmore
46%
2020 35 Detroit Lions Georgia D'Andre Swift
46%
2022 45 Baltimore Ravens Michigan David Ojabo
46%
2020 53 Philadelphia Eagles Oklahoma Jalen Hurts
46%
2021 36 Miami Dolphins Oregon Jevon Holland
46%
2021 62 Green Bay Packers Ohio State Josh Myers
46%
2021 37 Philadelphia Eagles Alabama Landon Dickerson
46%
2020 42 Jacksonville Jaguars Colorado Laviska Shenault
46%
2023 38 Atlanta Falcons Syracuse Matthew Bergeron
46%
2021 58 Kansas City Chiefs Missouri Nick Bolton
46%
2020 39 Miami Dolphins Louisiana Robert Hunt
46%
2022 35 Tennessee Titans Auburn Roger McCreary
46%
2021 51 Washington Commanders Texas Sam Cosmi
46%
2021 59 Carolina Panthers LSU Terrace Marshall Jr.
46%
2021 57 Los Angeles Rams Louisville Tutu Atwell
46%
2022 50 New England Patriots Baylor Tyquan Thornton
46%
2020 45 Tampa Bay Buccaneers Minnesota Antoine Winfield Jr.
42%
2023 61 Jacksonville Jaguars Penn State Brenton Strange
42%
2020 43 Chicago Bears Notre Dame Cole Kmet
42%
2023 53 Chicago Bears Florida Gervon Dexter
42%
2022 37 Houston Texans Baylor Jalen Pitre
42%
2022 48 Chicago Bears Penn State Jaquan Brisker
42%
2020 64 Carolina Panthers Southern Illinois Jeremy Chinn
42%
2023 44 Indianapolis Colts Kansas State Julius Brents
42%
2020 37 New England Patriots Lenoir–Rhyne Kyle Dugger
42%
2022 39 Chicago Bears Washington Kyler Gordon
42%
2021 55 Pittsburgh Steelers Penn State Pat Freiermuth
42%
2023 54 Los Angeles Chargers USC Tuli Tuipulotu
42%
2020 36 New York Giants Alabama Xavier McKinney
42%
2020 54 Buffalo Bills Iowa A. J. Epenesa
38%
2022 38 Atlanta Falcons Penn State Arnold Ebiketie
38%
2021 61 Buffalo Bills Wake Forest Carlos Basham Jr.
38%
2021 53 Tennessee Titans North Dakota State Dillon Radunz
38%
2023 60 Cincinnati Bengals Michigan D. J. Turner
38%
2019 42 Denver Broncos Missouri Drew Lock
38%
2019 37 Carolina Panthers Ole Miss Greg Little
38%
2021 46 Cincinnati Bengals Clemson Jackson Carman
38%
2023 47 Washington Commanders Illinois Jartavius Martin
38%
2021 52 Cleveland Browns Notre Dame Jeremiah Owusu-Koramoah
38%
2023 43 New York Jets Wisconsin Joe Tippmann
38%
2020 60 New England Patriots Michigan Josh Uche
38%
2023 62 Houston Texans Houston Texans Juice Scruggs
38%
2021 64 Tampa Bay Buccaneers Florida Kyle Trask
38%
2020 47 Atlanta Falcons Auburn Marlon Davidson
38%
2020 51 Dallas Cowboys Alabama Trevon Diggs
38%
2023 56 Chicago Bears Miami (FL) Tyrique Stevenson
38%
2021 45 Jacksonville Jaguars Stanford Walker Little
38%
2020 63 Kansas City Chiefs Mississippi State Willie Gay
38%
2022 40 Seattle Seahawks Minnesota Boye Mafe
35%
2021 56 Seattle Seahawks Western Michigan D'Wayne Eskridge
35%
2023 57 New York Giants Minnesota John Michael Schmitz
35%
2022 46 Detroit Lions Kentucky Josh Paschal
35%
2023 49 Pittsburgh Steelers Wisconsin Keeanu Benton
35%
2020 61 Tennessee Titans LSU Kristian Fulton
35%
2021 42 Miami Dolphins Notre Dame Liam Eichenberg
35%
2023 58 Dallas Cowboys Michigan Luke Schoonmaker
35%
2019 56 Kansas City Chiefs Georgia Mecole Hardman
35%
2019 53 Philadelphia Eagles Penn State Miles Sanders
35%
2022 64 Denver Broncos Oklahoma Nik Bonitto
35%
2021 60 New Orleans Saints Ohio State Peter Werner
35%
2022 47 Washington Commanders Alabama Phidarian Mathis
35%
2021 43 Las Vegas Raiders TCU Trevon Moehrig
35%
2020 57 Los Angeles Rams Florida Van Jefferson
35%
2022 60 Cincinnati Bengals Nebraska Cam Taylor-Britt
31%
2020 49 Pittsburgh Steelers Notre Dame Chase Claypool
31%
2021 54 Indianapolis Colts Vanderbilt Dayo Odeyingbo
31%
2020 58 Minnesota Vikings Boise State Ezra Cleveland
31%
2020 44 Cleveland Browns LSU Grant Delpit
31%
2021 44 Dallas Cowboys Kentucky Kelvin Joseph
31%
2022 57 Tampa Bay Buccaneers Central Michigan Luke Goedeke
31%
2020 56 Miami Dolphins Alabama Raekwon Davis
31%
2020 40 Houston Texans TCU Ross Blacklock
31%
2022 58 Atlanta Falcons Montana State Troy Andersen
31%
2021 48 San Francisco 49ers Notre Dame Aaron Banks
27%
2019 62 Arizona Cardinals UMass Andy Isabella
27%
2022 59 Minnesota Vikings LSU Ed Ingram
27%
2020 46 Denver Broncos Penn State K. J. Hamler
27%
2021 41 Detroit Lions Washington Levi Onwuzurike
27%
2021 40 Atlanta Falcons UCF Richie Grant
27%
2019 58 Dallas Cowboys UCF Trysten Hill
27%
2020 38 Carolina Panthers Penn State Yetur Gross-Matos
27%
2019 57 Philadelphia Eagles Stanford J. J. Arcega-Whiteside
23%
2019 63 Kansas City Chiefs Virginia Juan Thornhill
23%
2019 48 New Orleans Saints Texas A&M Eric McCoy
12%
2019 60 Los Angeles Chargers Delaware Nasir Adderley
12%
2019 61 Los Angeles Rams Washington Taylor Rapp
12%
2019 38 Buffalo Bills Oklahoma Cody Ford
8%
2019 41 Denver Broncos Kansas State Dalton Risner
8%
2019 43 Detroit Lions Hawaii Jahlani Tavai
8%
2019 52 Cincinnati Bengals Washington Drew Sample
4%
2019 55 Houston Texans Northern Illinois Max Scharping
4%
2019 39 Tampa Bay Buccaneers Central Michigan Sean Murphy-Bunting
4%
2019 49 Indianapolis Colts TCU Ben Banogu
0%
2019 47 Seattle Seahawks Utah Marquise Blair
0%
2019 40 Las Vegas Raiders Clemson Trayvon Mullen
0%
No matching quizzes found
Score Distribution
Percent of People with Each Score
Percentile by Number Answered
Your Score History
You have not taken this quiz